Normal view
MARC view
- Waymire, Richard
Entry Personal Name
001 - CONTROL NUMBER
- control field: 100530
003 - CONTROL NUMBER IDENTIFIER
- control field: NUST
005 - DATE AND TIME OF LATEST TRANSACTION
- control field: 20221017150750.0
008 - FIXED-LENGTH DATA ELEMENTS
- fixed length control field: 221017|| aca||aabn | a|a d
040 ## - CATALOGING SOURCE
- Original cataloging agency: NUST
- Transcribing agency: NUST
100 ## - HEADING--PERSONAL NAME
- Personal name: Waymire, Richard
670 ## - SOURCE DATA FOUND
- Source citation: Work cat.: (NUST)194755: Waymire, Richard, Sams teach yourself microsoft SQL server 2000 in 21 days /, 2001
